Statistics for 大阪(梅田)駅から出ている鉄道の行き先

Click here to take the quiz!

General Stats

  • This quiz has been taken 843 times
  • The average score is 69 of 92

Answer Stats

Answer% Correct
京都
98%
新大阪
96%
新大阪
96%
神戸
96%
高槻
95%
米原
95%
天王寺
95%
姫路
95%
天王寺
95%
敦賀
94%
尼崎
93%
尼崎
93%
和歌山
93%
宝塚
92%
宝塚
92%
草津
91%
金沢
91%
関西空港
90%
西明石
90%
奈良
90%
西宮
88%
播州赤穂
88%
野洲
88%
神戸三宮
88%
神戸三宮
88%
近江塩津
87%
京都河原町
86%
甲子園
85%
加古川
85%
吹田
84%
鳥取
84%
長浜
84%
京橋
83%
山陽姫路
83%
中百舌鳥
83%
福知山
82%
千里中央
82%
高速神戸
81%
高速神戸
81%
須磨
81%
桜島
80%
高槻市
80%
新開地
80%
網干
80%
新開地
80%
西宮北口
78%
城崎温泉
78%
新宮
78%
日根野
77%
東京
76%
御坊
76%
上郡
76%
和倉温泉
75%
白浜
75%
近江今津
75%
中津
74%
新三田
74%
甲子園口
73%
茨木市
73%
加茂
72%
倉吉
71%
雲雀丘花屋敷
70%
篠山口
70%
北千里
70%
70%
江坂
69%
高山
69%
豊岡
68%
66%
久宝寺
65%
元町
65%
川西能勢口
65%
八尾南
64%
住之江公園
64%
海南
63%
大日
62%
日生中央
62%
正雀
61%
豊中
60%
須磨浦公園
59%
御影
55%
池田
53%
東岸和田
52%
新金岡
50%
香住
49%
喜連瓜破
43%
五条
42%
都島
42%
東須磨
41%
文の里
38%
北加賀屋
37%
あびこ
20%

Score Distribution

Percentile by Number Answered

Percent of People with Each Score

Your Score History

You have not taken this quiz